000 00605nam a2200241Ia 4500
001 34478
005 20240114001731.0
007 ta
008 070222s1947 a g b000 u 807 u
040 _aCotton College,Assam
041 _a807
082 _a923
_bP 886 A
100 _aPrasad, Rajendra.
245 0 _aAtmakatha /
_cRajendra Prasad.
_hTextual Documents
250 _a1st ed. /
260 _aPatna :
_bBharati Sadan ,
_c1947.
300 _a655p. :
_bill ;
_c22cm .
653 _aBiography
653 _aG-Biography
942 _2ddc
_cBK
999 _c34460
_d34460